Por un aprendizaje constructivista de las ciencias: propuesta didáctica para el ciclo superior de básica
Guardat en:
| Autor principal: | |
|---|---|
| Format: | Llibre |
| Idioma: | espanyol |
| Publicat: |
Madrid
Visor
1994
|
| Edició: | 3a. ed |
| Col·lecció: | Aprendizaje, 20
|
| Matèries: | |
| Etiquetes: |
Afegir etiqueta
Sense etiquetes, Sigues el primer a etiquetar aquest registre!
|
MARC
| LEADER | 00000nam a2200000 a 4500 | ||
|---|---|---|---|
| 001 | UCH6542 | ||
| 003 | CL-VaPUC | ||
| 008 | 091109e19940000SP |||||||||||||||||spa|d | ||
| 020 | |a 8477740305 | ||
| 082 | 0 | 4 | |a 372.35 |b BEN |2 21 |
| 100 | 0 | |a Benlloch, Montse |e author |9 543101 | |
| 245 | 1 | 0 | |a Por un aprendizaje constructivista de las ciencias: propuesta didáctica para el ciclo superior de básica |
| 250 | |a 3a. ed | ||
| 300 | |a 173 p | ||
| 942 | |c BK | ||
| 945 | |d 20091109 00:00:00 |a ccalabra | ||
| 260 | |a Madrid |b Visor |c 1994 | ||
| 650 | 0 | |a Calidad de la educación |9 307271 | |
| 650 | 0 | |a Métodos de enseñanza |9 270413 | |
| 650 | 0 | |a Programas de educación |9 339040 | |
| 650 | 0 | |a Educación básica |9 224933 | |
| 650 | 0 | |a Educación científica |9 307484 | |
| 650 | 0 | |a Reforma educacional |9 256319 | |
| 583 | |a last modification |c 20170905 01:36:57 |k Rodrigo Vera | ||
| 490 | 0 | |a Aprendizaje, 20 | |
| 999 | |c 337415 |d 337413 | ||